00626nas a2200217 i 45000010005000000030009000050050017000140070003000310080041000340220014000750800014000892450055001032500020001582600097001783000020002753100014002953620017003096500034003268520024003608660024003841977ES-MaACL20250812074044.0t|950801c1982 be b| | 1 ||pa d a0255-3856 a341.232.100aRevista de la OTAN / credactor jefe Peter Jenner. aEd. española. aBruselas : bServicio de Información de la OTAN, c1982- (eMóstoles, Madrid : fGrefol) a2 v. ; c29 cm. aBimestral0 aN. 1 (1982)- 7aArte y ciencia militar2embne aES-MaACLjHEM-H-480 0o(1982f.n.1)1983-90.